| Tag |
First Indicator |
Second Indicator |
Subfields |
| LEADER |
00000pam a2200000 a 4500 |
| 001 |
in00000090909 |
| 005 |
20151008063819.0 |
| 008 |
781201s1979 mdua b 10100 engm |
| 010 |
|
|
|a 78027236
|
| 020 |
|
|
|a 0801822327
|
| 020 |
|
|
|a 0801822335 (pbk.)
|
| 035 |
|
|
|a (OCoLC)04515539
|
| 035 |
|
|
|9 AAK2975AM
|
| 040 |
|
|
|a DLC
|c DLC
|d m.c.
|d TXA
|d UtOrBLW
|
| 043 |
|
|
|a n-us---
|
| 049 |
|
|
|a TXAM
|c [800846]
|
| 050 |
0 |
0 |
|a HC103.7
|b .S25
|
| 082 |
0 |
|
|a 333
|
| 245 |
0 |
0 |
|a Scarcity and growth reconsidered /
|c edited by V. Kerry Smith.
|
| 264 |
|
1 |
|a Baltimore :
|b Published for Resources for the Future by the Johns Hopkins University Press,
|c [1979]
|
| 264 |
|
4 |
|c ©1979
|
| 300 |
|
|
|a xvi, 298 pages :
|b illustrations ;
|c 24 cm.
|
| 336 |
|
|
|a text
|b txt
|2 rdacontent
|
| 337 |
|
|
|a unmediated
|b n
|2 rdamedia
|
| 338 |
|
|
|a volume
|b nc
|2 rdacarrier
|
| 504 |
|
|
|a Includes bibliographical references and index.
|
| 650 |
|
0 |
|a Natural resources
|z United States
|x Congresses.
|
| 700 |
1 |
|
|a Smith, V. Kerry
|q (Vincent Kerry),
|d 1945-
|
| 710 |
2 |
|
|a Resources for the Future.
|
| 999 |
|
|
|a MARS
|
| 999 |
f |
f |
|s 2f494587-8974-31e0-a6e3-9fbf3bca8898
|i 8974bb34-7cba-3946-a180-e933935044c0
|t 0
|
| 952 |
f |
f |
|p ric
|a Texas A&M University
|b Rellis Campus
|c Joint Library Facility
|d Remote Storage
|t 0
|e HC103.7 .S25
|h Library of Congress classification
|i unmediated -- volume
|m A14806121330
|
| 998 |
f |
f |
|a HC103.7 .S25
|t 0
|l Remote Storage
|